| 000 | 00639nam a2200205Ia 4500 | ||
|---|---|---|---|
| 003 | GCL | ||
| 008 | 140319s9999 xx 000 0 ara d | ||
| 040 |
_aGCL / _cGCL |
||
| 082 | 0 | 4 |
_aق _b069.53 ع ط |
| 100 | 1 | _aعبدالمعز شاهين | |
| 245 | 1 | 0 |
_aطرق صيانة وترميم الاثار والمقتنيات الفنية / _cعبدالمعز شاهين |
| 700 | 1 | _aزكى اسكندر | |
| 260 |
_a[S.N] : _bالهيئة المصرية العامة للكتاب ، _c1975 |
||
| 300 | _a324 ص | ||
| 490 | _a | ||
| 650 | 0 | 4 | _aمصر القديمة |
| 650 | 0 | 4 | _aالاثار |
| 650 | 0 | 4 | _aترميم |
| 942 |
_2ddc _cBK |
||
| 999 |
_c36419 _d36419 |
||